<?xml version="1.0" encoding="UTF-8"?>
<record
    xmlns:xsi="http://www.w3.org/2001/XMLSchema-instance"
    xsi:schemaLocation="http://www.loc.gov/MARC21/slim http://www.loc.gov/standards/marcxml/schema/MARC21slim.xsd"
    xmlns="http://www.loc.gov/MARC21/slim">

  <leader>01683nam a22002417a 4500</leader>
  <datafield tag="999" ind1=" " ind2=" ">
    <subfield code="c">5974</subfield>
    <subfield code="d">5974</subfield>
  </datafield>
  <controlfield tag="003">DO-SdBJH</controlfield>
  <controlfield tag="005">20210305162515.0</controlfield>
  <controlfield tag="008">210305b           ||||| |||| 00| 0 spa d</controlfield>
  <datafield tag="040" ind1=" " ind2=" ">
    <subfield code="a">DO-SdBJH</subfield>
    <subfield code="b">spa</subfield>
    <subfield code="c">DO-SdBJH</subfield>
  </datafield>
  <datafield tag="090" ind1=" " ind2=" ">
    <subfield code="a">TG ANMG</subfield>
    <subfield code="b">01395 2018</subfield>
  </datafield>
  <datafield tag="100" ind1="1" ind2=" ">
    <subfield code="4">Contreras Ulloa, Mariano</subfield>
    <subfield code="e">sustentante</subfield>
  </datafield>
  <datafield tag="245" ind1="1" ind2="0">
    <subfield code="a">Situaci&#xF3;n actual y prospectiva de la unidas aeronaval de la Armada de la Rep&#xFA;blica Dominicana / </subfield>
    <subfield code="c">Mariano Contreras Ulloa, Roberto Carlos De los Santos Gamboa, asesores Manuel Virgilio Feliz Ledesma, Mercedes Tena</subfield>
  </datafield>
  <datafield tag="260" ind1=" " ind2=" ">
    <subfield code="a">Santo Domingo Este :</subfield>
  </datafield>
  <datafield tag="300" ind1=" " ind2=" ">
    <subfield code="a">xxii, 38 p&#xE1;ginas, gr&#xE1;ficos</subfield>
  </datafield>
  <datafield tag="502" ind1=" " ind2=" ">
    <subfield code="a">Trabajo de grado (Licenciado en Ciencias Navales). -- Instituto Superior para la Defensa (INSUDE). Academia Naval Marina de Guerra &#x201C;Vicealmirante C&#xE9;sar D&#x2019;Windt Lavandier&#x201D;, 2018.</subfield>
  </datafield>
  <datafield tag="504" ind1=" " ind2=" ">
    <subfield code="a">Incluye referencias bibliogr&#xE1;ficas e &#xED;ndices</subfield>
  </datafield>
  <datafield tag="505" ind1=" " ind2=" ">
    <subfield code="a">Evaluaci&#xF3;n de la unidad aeronaval en otras Armada de la regi&#xF3;n, para el conocimiento de sus antecedentes hist&#xF3;ricos y la implementaci&#xF3;n de la misma, en la Armada de Rep&#xFA;blica Dominicana. -- Recursos necesarios para mantener la operatividad de la unidad aeronaval de la Armada de Rep&#xFA;blica Dominicana. --  Planes futuros, para la unidad aeronaval de la Armada de Rep&#xFA;blica Dominicana y la importancia de tener aviones de reconocimiento en la Armada de Rep&#xFA;blica Dominicana</subfield>
  </datafield>
  <datafield tag="700" ind1="1" ind2=" ">
    <subfield code="a">De los Santos Gamboa, Roberto Carlos</subfield>
    <subfield code="e">sustentante</subfield>
  </datafield>
  <datafield tag="700" ind1="1" ind2=" ">
    <subfield code="a">Feliz Ledesma, Manuel Virgilio</subfield>
    <subfield code="e">asesor</subfield>
  </datafield>
  <datafield tag="700" ind1="1" ind2=" ">
    <subfield code="a">Tena, Mercedes</subfield>
    <subfield code="e">asesor</subfield>
  </datafield>
  <datafield tag="830" ind1=" " ind2=" ">
    <subfield code="a">INSUDE.  Academia Naval Marina de Guerra &#x201C;Vicealmirante Cesar D&#x2019;Windt Lavandier&#x201D;. Tesis y disertaciones acad&#xE9;micas</subfield>
  </datafield>
  <datafield tag="942" ind1=" " ind2=" ">
    <subfield code="2">CL</subfield>
    <subfield code="c">T</subfield>
  </datafield>
  <datafield tag="952" ind1=" " ind2=" ">
    <subfield code="0">0</subfield>
    <subfield code="1">0</subfield>
    <subfield code="2">CL</subfield>
    <subfield code="4">0</subfield>
    <subfield code="7">1</subfield>
    <subfield code="8">TG</subfield>
    <subfield code="a">BJHA</subfield>
    <subfield code="b">BJHA</subfield>
    <subfield code="d">2021-03-05</subfield>
    <subfield code="i">01395</subfield>
    <subfield code="l">0</subfield>
    <subfield code="o">TG ANMG 01395 2018</subfield>
    <subfield code="p">01395</subfield>
    <subfield code="r">2021-03-05 00:00:00</subfield>
    <subfield code="t">e.1</subfield>
    <subfield code="w">2021-03-05</subfield>
    <subfield code="y">T</subfield>
  </datafield>
</record>
